000 01172 a2200229 4500
003 NUST
005 20221128174133.0
010 _a 97006188
020 _a0198518803 (pbk)
020 _a0198518811 (hc)
040 _cNust
082 0 0 _a531,WIL
100 1 _aWilliams, D. E. G.
_9103736
245 1 0 _aElements of mechanics /
_cDavid Williams.
260 _aOxford ;
_aNew York :
_bOxford University Press,
_c1997.
300 _axvi, 251 p. :
_bill. ;
_c25 cm.
505 _aPosition vector (Page-7), Velocity vectors (Page-18), Acceleration vectors (Page-35), Centers of mass (Page-45), Straight line motion (Page-61), Energy conservation (Page-80), Tensile forces and projectiles (Page-93), Energy dissipation (Page-113), Variable forces (Page-125), Rotational motion (Page-148), Rotational motion angular momentum I (Page-167), Rotational motion angular momentum II (Page-179).
650 0 _aMechanics, Applied
_xMathematics.
_9103737
856 4 2 _3Publisher description
_uhttp://www.loc.gov/catdir/enhancements/fy0606/97006188-d.html
856 4 2 _3Table of contents only
_uhttp://www.loc.gov/catdir/enhancements/fy0606/97006188-t.html
942 _2ddc
_cBK
_k531,WIL
999 _c183872
_d183872